Ab initio calculation of intermolecular potentials and second virial coefficients for mote carlo simlation of dimer N2-N2

Na minha lista:
Detalhes bibliográficos
Formato: Livro
Idioma:Undetermined
Assuntos:
Acesso em linha:http://lrc.tdmu.edu.vn/opac/search/detail.asp?aID=2&ID=33583
Tags: Adicionar Tag
Sem tags, seja o primeiro a adicionar uma tag!
Thư viện lưu trữ: Trung tâm Học liệu Trường Đại học Thủ Dầu Một
LEADER 00572nam a2200133Ia 4500
001 TDMU_33583
008 210410s9999 xx 000 0 und d
082 |a 539.735 
245 0 |a Ab initio calculation of intermolecular potentials and second virial coefficients for mote carlo simlation of dimer N2-N2 
245 0 |c Nguyen, Thanh Duoc 
300 |a Tr.19-24 
650 |a Vật lý toán; Ab initio calculation; virial coefficients 
856 |u http://lrc.tdmu.edu.vn/opac/search/detail.asp?aID=2&ID=33583 
980 |a Trung tâm Học liệu Trường Đại học Thủ Dầu Một